| 000 | 00986nam a2200289 i 4500 | ||
|---|---|---|---|
| 999 |
_c15944 _d15944 |
||
| 001 | vtls000871054 | ||
| 003 | NUKAT | ||
| 005 | 20190528095652.0 | ||
| 008 | 070319s1994 pl |000 0 pol c | ||
| 035 | _azz2007824799 | ||
| 039 | 9 |
_a201807051256 _bvuwm _c201606221335 _dvaski _c201403181552 _duam _c201202070900 _dvumcs1 |
|
| 040 |
_aŁ U/BWES _cŁ U/BWES _dŁ U/MK _dŁ U/MSs |
||
| 099 | _aja2007002250 | ||
| 245 | 0 | 0 |
_aKlasyfikacja wyrobów i usług / _c[Główny Urząd Statystyczny]. |
| 260 |
_aWarszawa : _bGłówny Urząd Statystyczny. Ośrodek Badawczo-Rozwojowy Statystyki, _c1994. |
||
| 300 |
_a179, [1] s. ; _c29 cm. |
||
| 650 |
_aTowary _xklasyfikacja. |
||
| 650 |
_aUsługi _xklasyfikacja. |
||
| 951 | _aKIEL_010 | ||
| 710 | 1 |
_aPolska. _bGłówny Urząd Statystyczny. |
|
| 942 |
_2ddc _cBK |
||
| 967 | _aLUBL_U | ||